Livestock movement rules (Record no. 70947)
[ view plain ]
| 000 -LEADER | |
|---|---|
| fixed length control field | 01117cam a2200217 4500 |
| 001 - CONTROL NUMBER | |
| control field | WB3830-22 |
| 008 - FIXED-LENGTH DATA ELEMENTS--GENERAL INFORMATION | |
| fixed length control field | 020814n2002 000 0 eng u |
| 035 ## - SYSTEM CONTROL NUMBER | |
| System control number | (Sirsi) u119327 |
| 245 ## - TITLE STATEMENT | |
| Title | Livestock movement rules |
| 260 ## - PUBLICATION, DISTRIBUTION, ETC. | |
| Date of publication, distribution, etc. | 2002 |
| 490 ## - SERIES STATEMENT | |
| Series statement | DEFRA News Release |
| Volume/sequential designation | (328/02) 8 August 2002, (2) |
| 520 ## - SUMMARY, ETC. | |
| Summary, etc. | DEFRA announces major changes to the livestock movements still in place after the foot and mouth outbreak. From the beginning of September sheep and cattle which go into a strict on-farm isolation facility for 20 days on arrival will not trigger a 20-day standstill on the rest of the farm. Government recognises that there is some risks associated in the relaxation of this restriction, but there are significant advantages for the farming industry if the burdens are lifted. For the DEFRA news release: http://www.defra.gov.uk/news/2002/020808b.htm |
| 590 ## - LOCAL NOTE (RLIN) | |
| Local note | WB |
| 650 ## - SUBJECT ADDED ENTRY--TOPICAL TERM | |
| Topical term or geographic name entry element | LIVESTOCK MOVEMENT |
| 650 ## - SUBJECT ADDED ENTRY--TOPICAL TERM | |
| Topical term or geographic name entry element | NATIONAL UNION OF FARMERS |
| 650 ## - SUBJECT ADDED ENTRY--TOPICAL TERM | |
| Topical term or geographic name entry element | FOOT-AND-MOUTH DISEASE |
| 650 ## - SUBJECT ADDED ENTRY--TOPICAL TERM | |
| Topical term or geographic name entry element | FARMING INDUSTRY |
| 650 ## - SUBJECT ADDED ENTRY--TOPICAL TERM | |
| Topical term or geographic name entry element | FARM ECONOMY |
| 690 ## - LOCAL SUBJECT ADDED ENTRY--TOPICAL TERM (OCLC, RLIN) | |
| Topical term or geographic name as entry element | RURAL-AGRICULTURE AND FORESTRY |
| 942 ## - ADDED ENTRY ELEMENTS (KOHA) | |
| Suppress in OPAC | 0 |
| Withdrawn status | Lost status | Source of classification or shelving scheme | Damaged status | Not for loan | Home library | Current library | Shelving location | Date acquired | Total Checkouts | Full call number | Barcode | Date last seen | Copy number | Price effective from | Koha item type |
|---|---|---|---|---|---|---|---|---|---|---|---|---|---|---|---|
| Dewey Decimal Classification | London | London | News article | 14/08/2002 | WB3830-22 | 119327-1001 | 06/08/2019 | 1 | 06/08/2019 | News article |